I went to the worst of bars hoping to get killed, but all I could do was get drunk again.

Saved in:
Bibliografiske detaljer
Hovedforfatter: Arnold, Ciáran Óg (Author)
Format: Bog
Udgivet: [s.f.], MACK, 2015.
Udgivelse:First edition.
Fag:
Tags: Tilføj Tag
Ingen Tags, Vær først til at tagge denne postø!

MARC

LEADER 00000nam a22000007a 4500
003 CL-VaPUC
005 20250321101933.0
008 250124t2015 ||||| |||| 00| 0 eng d
999 |c 446805  |d 446803 
020 |a 9781910164310 
040 |c Pontificia Universidad Católica de Valparaíso 
082 |a 779.415 ARN 2015 
100 |9 895851  |a Arnold, Ciáran Óg  |e author 
245 |a I went to the worst of bars hoping to get killed, but all I could do was get drunk again. 
250 |a First edition. 
260 |a [s.f.],  |b MACK,  |c 2015. 
300 |a sin numeración:  |b fotografías. 
500 |a c.1. Instituto Arcos.08-01-2025. 
583 |c 20250124  |k Gabriela Rodríguez Cuevas 
650 0 |9 268495  |a Fotografía  |x Marginalidad  |z Irlanda 
942 |2 ddc  |c BK  |n 0 
952 |0 0  |1 0  |2 ddc  |4 0  |6 779_415000000000000_ARN_2015  |7 0  |9 599903  |a BIBINC  |b BIBINC  |c GEN  |d 2025-01-24  |e Instituto Arcos  |i 5664800  |o 779.415 ARN 2015  |p 5664800  |r 2025-01-24  |t 1  |w 2025-01-24  |y BK  |k IFP